Las Negociaciones sobre cambio climático: post-Kyoto y pre-Buenos Aires /

Guardat en:
Dades bibliogràfiques
Autor principal: Schram, Alberto
Format: Text
Matèries:
Etiquetes: Afegir etiqueta
Sense etiquetes, Sigues el primer a etiquetar aquest registre!

MARC

LEADER 00000 a a2200000 04500
001 575
003
040
100 |a Schram, Alberto  
245 |a Las Negociaciones sobre cambio climático:   |b post-Kyoto y pre-Buenos Aires /  |c Alberto Schram 
650 |a CONVENIOS  
650 |a GASES  
650 |a ORGANIZACIONES INTERNACIONALES  
650 |a MEDIO AMBIENTE  
650 |a POLITICA AMBIENTAL  
773 |g número 66; páginas 1-6  
999 |c 29510  |d 29510